00639nam a2200193Ia 4500003000900000008004100009020001800050040001600068080001200084100001500096245014800111260004200259300001400301650001700315650002700332650003500359650002500394700002600419IN-BaIIA211028s9999 xx 000 0 eng d a3-527-40409-0 cIIA Library a52bRUD aRudiger, G 4aThe magnetic universebgeophysical and astrophysical dynamo theorycG. Rudiger and R. Hollerbach  aWeinheimbWiley-VCH Verlag Gmbhc2004 axi, 332p. aAstrophysics aCosmic magnetic fields aDynamo theory (Cosmic physics) aMagnetohydrodynamics aHollerbach, R.